000 00778nam a2200205Ia 4500
003 GCL
008 140319s9999 xx 000 0 ara d
040 _aGCL /
_cGCL
082 0 4 _a347.03
_bه.ش
100 1 _aهشام الطويل
245 1 0 _aشروط قبول الطعن بالنقض فى المواد المدنية والتجارية ومواد الاحوال الشخصية /
_cهشام الطويل
260 _a[S.N] :
_bمنشاة المعارف الاسلامية ،
_c1987
300 _a486 ص
490 _aسلسلة الكتب القانونية
_v0
650 0 4 _aالقانون
650 0 4 _aالقانون المدنى
650 0 4 _aقانون الاجراءات المدنية
650 0 4 _aقانون الاحوال الشخصية
942 _2ddc
_cBK
999 _c54326
_d54326